000 00733nam a2200193Ia 4500
003 GCL
008 140319s9999 xx 000 0 ara d
040 _aGCL /
_cGCL
082 0 4 _a235.1
_bع ف
100 1 _aمحمد فؤاد عبدالباقى
245 1 0 _aفتح البارى: بشرح صحيح الامام ابى عبدالله محمد بن اسماعيل البخارى /
_cمحمد فؤاد عبدالباقى
700 1 _aقصى محب الدين الخطيب
700 1 _aالعسقلانى : احمد بن على بن حجر
260 _aبيروت :
_bدار الجيل ،
_c1407
300 _aمتعدد ؛
_c30 سم
650 0 4 _aالاحاديث النبوية
650 0 4 _aتفاسير
942 _2ddc
_cBK
999 _c35470
_d35470